Gemeinden von Eisenstadt-Umgebung - Statistiken

Allgemein
  • Dieses Quiz wurde 298 mal gespielt
  • Das Durchschnittsergebnis liegt bei 17 aus 23
Antworten auf der Karte
Die Antworten werden auf der Karte rot bzw. grün angezeigt, abhängig davon wie oft sie richtig erraten wurden.
 
Antwortstatistiken
Einwohner Gemeinde % Korrekt
1.841 Donnerskirchen
87%
2.228 Mörbisch am See
87%
1.982 Wulkaprodersdorf
84%
2.899 Purbach am Neusiedler See
81%
1.883 Breitenbrunn am Neusiedler See
80%
2.683 St. Margarethen im Burgenland
80%
1.223 Klingenbach
78%
1.738 Oggau am Neusiedler See
78%
1.217 Leithaprodersdorf
75%
2.067 Trausdorf an der Wulka
72%
2.122 Großhöflein
71%
1.384 Müllendorf
71%
3.587 Neufeld an der Leitha
71%
1.271 Oslip
71%
1.417 Schützen am Gebirge
71%
476 Loretto
68%
2.932 Steinbrunn
68%
3.176 Hornstein
67%
3.118 Siegendorf
67%
1.702 Wimpassing an der Leitha
65%
991 Zillingtal
62%
1.101 Zagersdorf
59%
823 Stotzing
57%
Keine übereinstimmenden Quizze gefunden
Verteilung der Resultate
Anzahl Personen mit jedem Resultat
Perzentil nach korrekt beantworteten Fragen
Ihre Resultats-Entwicklung
Sie haben dieses Quiz noch nicht gespielt